Superhero/villain Word Scramble - Statistics

General Stats
  • This quiz has been taken 34 times
  • The average score is 7 of 20
Answer Stats
Hint Answer % Correct
Tan Bam Batman
100%
Roman In Iron Man
72%
Koil Loki
72%
Odor Dotcom Doctor Doom
60%
Ion Ivs Vision
56%
Ork Ej Joker
52%
Denim Raps Spiderman
32%
Muser Nap Superman
32%
Gin Pink Kingpin
28%
Lower Vine Wolverine
28%
Macaw Not Catwoman
20%
Catcher Wilts Scarlet Witch
20%
Ray Bank Calc Black Canary
12%
Tenner Regnal Green Lantern
12%
Blew Vision Main Invisible Woman
12%
Tram Neigh Nightmare
12%
Spun Hire Punisher
12%
Hotter Asked Deathstroke
8%
Pies Moth Mephisto
8%
Streaks Mat Taskmaster
8%
No matching quizzes found
Score Distribution
Percent of People with Each Score
Percentile by Number Answered
Your Score History
You have not taken this quiz